[Event "Civil Service Ch 11th"]
[Site "Leeds"]
[Date "2001.07.25"]
[Round "1"]
[White "Calvert, David Ian"]
[Black "Ashby, Anthony C"]
[Result "1/2-1/2"]
[WhiteElo "1848"]
[BlackElo "2032"]
[PlyCount "95"]
[EventDate "2001.07.25"]
[EventType "swiss"]
[EventRounds "5"]
[EventCountry "ENG"]
[SourceTitle "BritBase"]
[Source "John Saunders"]
[SourceDate "2024.12.03"]
[SourceVersion "1"]
[SourceVersionDate "2024.12.03"]
[SourceQuality "1"]

1. b3 d5 2. Bb2 Nf6 3. Nf3 e6 4. c4 Be7 5. g3 c5 6. Bg2 Nc6 7. cxd5 exd5 8. d4 O-O 9. O-O cxd4 10. Nxd4 Qb6 11. Nxc6 bxc6 12. Nc3 Bg4 13. Qc2 Rac8 14. Rac1 Rfd8 15. e3 Qa6 16. Rfe1 c5 17. Na4 Bd7 18. Bxf6 Qxf6 19. Nc3 Be6 20. e4 dxe4 21. Nxe4 Qh6 22. Rcd1 Rxd1 23. Rxd1 Qh5 24. Nc3 h6 25. Nd5 Bxd5 26. Rxd5 Qg4 27. Qe4 Qxe4 28. Bxe4 c4 29. bxc4 Rxc4 30. f3 Rc7 31. Rd2 g6 32. Bd5 Bc5+ 33. Kg2 Bb4 34. Re2 Kg7 35. h4 f5 36. Bb3 Be7 37. Rc2 Rd7 38. Re2 f4 39. gxf4 Bxh4 40. Kh3 Bf6 41. Re4 Bd8 42. Ra4 Bb6 43. Re4 h5 44. Ra4 Rd6 45. Bc2 Rf6 46. Rc4 Rd6 47. Be4 Kf6 48. Rc8 1/2-1/2

[Event "Civil Service Ch 11th"]
[Site "Leeds"]
[Date "2001.07.25"]
[Round "1"]
[White "Maxwell, Alistair"]
[Black "Boyes, David"]
[Result "1/2-1/2"]
[WhiteElo "1952"]
[BlackElo "1768"]
[PlyCount "56"]
[EventDate "2001.07.25"]
[EventType "swiss"]
[EventRounds "5"]
[EventCountry "ENG"]
[SourceTitle "BritBase"]
[Source "John Saunders"]
[SourceDate "2024.12.03"]
[SourceVersion "1"]
[SourceVersionDate "2024.12.03"]
[SourceQuality "1"]

1. e4 d5 2. exd5 Nf6 3. d4 Bg4 4. Nf3 Qxd5 5. Be2 Nc6 6. O-O O-O-O 7. c3 e5 8. dxe5 Qxd1 9. Rxd1 Rxd1+ 10. Bxd1 Bxf3 11. gxf3 Nxe5 12. Bg5 Nd5 13. Nd2 f6 14. Be3 Nxe3 15. fxe3 Bc5 16. Kf2 Rd8 17. Ke2 Re8 18. b4 Bb6 19. Bc2 Ng6 20. Nc4 Nf4+ 21. Kf2 Nd5 22. Nxb6+ axb6 23. e4 Nxc3 24. Bd3 Rd8 25. Ke3 Na4 26. Bb5 Nb2 27. Be2 Na4 28. Bb5 Nb2 1/2-1/2

[Event "Civil Service Ch 11th"]
[Site "Leeds"]
[Date "2001.07.25"]
[Round "1"]
[White "Thackray, Ian M"]
[Black "Archer, Richard P"]
[Result "1/2-1/2"]
[WhiteElo "1736"]
[BlackElo "1872"]
[PlyCount "25"]
[EventDate "2001.07.25"]
[EventType "swiss"]
[EventRounds "5"]
[EventCountry "ENG"]
[SourceTitle "BritBase"]
[Source "John Saunders"]
[SourceDate "2024.12.03"]
[SourceVersion "1"]
[SourceVersionDate "2024.12.03"]
[SourceQuality "1"]

1. e4 c5 2. Nf3 d6 3. d4 cxd4 4. Nxd4 Nf6 5. Nc3 Nc6 6. Be2 e6 7. O-O Be7 8. Be3 a6 9. a4 Bd7 10. Kh1 O-O 11. Nxc6 Bxc6 12. f3 Rc8 13. a5 1/2-1/2

[Event "Civil Service Ch 11th"]
[Site "Leeds"]
[Date "2001.07.25"]
[Round "1"]
[White "Lewyk, Ihor"]
[Black "Reese, Jon D"]
[Result "1-0"]
[WhiteElo "1880"]
[BlackElo "1536"]
[PlyCount "97"]
[EventDate "2001.07.25"]
[EventType "swiss"]
[EventRounds "5"]
[EventCountry "ENG"]
[SourceTitle "BritBase"]
[Source "John Saunders"]
[SourceDate "2024.12.03"]
[SourceVersion "1"]
[SourceVersionDate "2024.12.03"]
[SourceQuality "1"]

1. e4 d5 2. exd5 Qxd5 3. Nc3 Qa5 4. d4 Nf6 5. Bd2 c6 6. Bd3 Bg4 7. f3 Bh5 8. Nge2 Nbd7 9. Nf4 Bg6 10. Ne4 Qb6 11. Bc3 Nxe4 12. fxe4 O-O-O 13. Qf3 e6 14. h4 h6 15. Nxg6 fxg6 16. Qg4 e5 17. dxe5 Qe3+ 18. Qe2 Qg3+ 19. Qf2 Qxf2+ 20. Kxf2 Bc5+ 21. Ke2 Rhf8 22. Rhf1 Rxf1 23. Rxf1 Nf8 24. b4 Be7 25. g3 Ne6 26. Rf7 Kd7 27. Bc4 g5 28. Bxe6+ Kxe6 29. Rxg7 c5 30. bxc5 Bxc5 31. Rg6+ Ke7 32. Rxh6 gxh4 33. gxh4 Rf8 34. h5 Rf2+ 35. Kd3 b5 36. Rf6 Rh2 37. Rf3 Rxh5 38. Bd4 Bb4 39. Bxa7 Rxe5 40. Kd4 Re6 41. Bc5+ Bxc5+ 42. Kxc5 Rxe4 43. Kxb5 Re2 44. Rc3 Re5+ 45. Rc5 Re1 46. a4 Rb1+ 47. Kc6 Ke6 48. a5 Rb8 49. a6 1-0

[Event "Civil Service Ch 11th"]
[Site "Leeds"]
[Date "2001.07.25"]
[Round "1"]
[White "Baker, Martin"]
[Black "Wolstencroft, Darryl"]
[Result "1/2-1/2"]
[WhiteElo "1736"]
[BlackElo "1984"]
[PlyCount "34"]
[EventDate "2001.07.25"]
[EventType "swiss"]
[EventRounds "5"]
[EventCountry "ENG"]
[SourceTitle "BritBase"]
[Source "John Saunders"]
[SourceDate "2024.12.03"]
[SourceVersion "1"]
[SourceVersionDate "2024.12.03"]
[SourceQuality "1"]

1. e4 e6 2. Qe2 c5 3. Nf3 Nc6 4. g3 Be7 5. Bg2 d6 6. O-O Nf6 7. d3 O-O 8. Nbd2 Qc7 9. c3 b5 10. e5 dxe5 11. Nxe5 Bb7 12. Ndf3 Nxe5 13. Nxe5 Bxg2 14. Kxg2 Bd6 15. Ng4 Nxg4 16. Qxg4 Qc6+ 17. Qe4 Rac8 1/2-1/2

[Event "Civil Service Ch 11th"]
[Site "Leeds"]
[Date "2001.07.25"]
[Round "1"]
[White "Brusey, Alan W"]
[Black "Wedlock, Stephen L"]
[Result "1-0"]
[WhiteElo "2008"]
[BlackElo "1792"]
[PlyCount "59"]
[EventDate "2001.07.25"]
[EventType "swiss"]
[EventRounds "5"]
[EventCountry "ENG"]
[SourceTitle "BritBase"]
[Source "John Saunders"]
[SourceDate "2024.12.03"]
[SourceVersion "1"]
[SourceVersionDate "2024.12.03"]
[SourceQuality "1"]

1. e4 e5 2. Bc4 Nc6 3. Nf3 Be7 4. d3 Nf6 5. O-O d6 6. c3 Bg4 7. Qb3 O-O 8. Qxb7 Na5 9. Qa6 Bxf3 10. Qxa5 Bh5 11. f4 exf4 12. Bxf4 Qd7 13. Nd2 c6 14. d4 Bg6 15. e5 dxe5 16. Bxe5 Ng4 17. Bf4 Bd6 18. h3 Bxf4 19. Rxf4 Ne3 20. Bb3 Rab8 21. Nf3 Rb5 22. Qa3 Qb7 23. Qd6 Nf5 24. Qa3 Ne3 25. Re1 Re8 26. Kf2 c5 27. Rxe3 Rxe3 28. Kxe3 cxd4+ 29. Rxd4 Qb8 30. Qd6 1-0

[Event "Civil Service Ch 11th"]
[Site "Leeds"]
[Date "2001.07.25"]
[Round "1"]
[White "Cameron, Phil"]
[Black "Pheby, Ian M"]
[Result "1/2-1/2"]
[WhiteElo "1736"]
[BlackElo "1912"]
[PlyCount "42"]
[EventDate "2001.07.25"]
[EventType "swiss"]
[EventRounds "5"]
[EventCountry "ENG"]
[SourceTitle "BritBase"]
[Source "John Saunders"]
[SourceDate "2024.12.03"]
[SourceVersion "1"]
[SourceVersionDate "2024.12.03"]
[SourceQuality "1"]

1. d4 d5 2. c4 c6 3. Nc3 Nf6 4. b3 Bf5 5. f3 h5 6. e3 e6 7. Bd3 Bb4 8. Nge2 Nbd7 9. O-O Qa5 10. Qc2 Bxd3 11. Qxd3 O-O-O 12. Bb2 Ba3 13. Bxa3 Qxa3 14. Rfb1 Qa6 15. Na4 dxc4 16. Qxc4 Qxc4 17. bxc4 b6 18. Rb3 Kc7 19. Rab1 Rb8 20. Nac3 Rhd8 21. Kf2 g6 1/2-1/2

[Event "Civil Service Ch 11th"]
[Site "Leeds"]
[Date "2001.07.25"]
[Round "1"]
[White "Pickersgill, Adrian O"]
[Black "Ledger, Andrew J"]
[Result "0-1"]
[WhiteElo "1864"]
[BlackElo "2400"]
[PlyCount "105"]
[EventDate "2001.07.25"]
[EventType "swiss"]
[EventRounds "5"]
[EventCountry "ENG"]
[SourceTitle "BritBase"]
[Source "John Saunders"]
[SourceDate "2024.12.03"]
[SourceVersion "1"]
[SourceVersionDate "2024.12.03"]
[SourceQuality "1"]

1. e4 c6 2. d4 d5 3. exd5 cxd5 4. c4 Nf6 5. Nc3 e6 6. Nf3 Bb4 7. a3 Bxc3+ 8. bxc3 O-O 9. Qc2 b6 10. Bd3 dxc4 11. Bxc4 Bb7 12. Bg5 Nbd7 13. O-O h6 14. Bh4 Qc7 15. Bd3 Bxf3 16. gxf3 Qf4 17. Bxf6 Nxf6 18. Be4 Rac8 19. Rac1 Nh5 20. Qd1 Qh4 21. Kh1 Nf4 22. Qd2 f5 23. Bb1 Nh3 24. Qe3 Rf6 25. Ba2 Re8 26. d5 f4 27. Qe2 Qg5 28. Rg1 Nxg1 29. Rxg1 Qf5 30. dxe6 Re7 31. Qd2 Rf8 32. Bb1 Qe5 33. Rg6 Rc8 34. Rg1 g5 35. Rc1 Kf8 36. Ba2 Ree8 37. Qc2 Qf6 38. Qb3 Re7 39. Qb4 Kg7 40. Rc2 Rd8 41. Kg2 h5 42. Qe4 Kh6 43. Bd5 Rg8 44. Kf1 g4 45. fxg4 Rxg4 46. f3 Rg5 47. h4 Rg3 48. Rh2 Reg7 49. Rh1 Rc7 50. Bc6 Kg7 51. Rh2 Kh8 52. Rd2 Rcg7 53. Ke2 {time} 0-1

[Event "Civil Service Ch 11th"]
[Site "Leeds"]
[Date "2001.07.25"]
[Round "1"]
[White "Thurlow, Kevin J"]
[Black "Bowering, Charles"]
[Result "1-0"]
[WhiteElo "2064"]
[BlackElo "1856"]
[PlyCount "99"]
[EventDate "2001.07.25"]
[EventType "swiss"]
[EventRounds "5"]
[EventCountry "ENG"]
[SourceTitle "BritBase"]
[Source "John Saunders"]
[SourceDate "2024.12.03"]
[SourceVersion "1"]
[SourceVersionDate "2024.12.03"]
[SourceQuality "1"]

1. Nf3 Nf6 2. b3 g6 3. Bb2 Bg7 4. c4 c5 5. e3 O-O 6. Be2 Nc6 7. O-O d6 8. d4 cxd4 9. Nxd4 Bd7 10. Nc3 Rc8 11. Qd2 a6 12. Rac1 Nxd4 13. exd4 Bf5 14. Bf3 Qc7 15. d5 Rfe8 16. Qf4 Qa5 17. g4 Bd7 18. h4 Rf8 19. Rfe1 Qd8 20. h5 Rc7 21. h6 Bh8 22. g5 Ne8 23. Qe3 Bf5 24. Be4 Bc8 25. Qd3 Qd7 26. Re3 Be5 27. Bf3 Qf5 28. Qxf5 Bxf5 29. Rxe5 dxe5 30. Re1 Nd6 31. Rxe5 f6 32. gxf6 exf6 33. Re3 Re8 34. Rxe8+ Nxe8 35. Ba3 g5 36. d6 Rd7 37. c5 Kf7 38. Nd5 Kg6 39. Ne7+ Rxe7 40. dxe7 Bc8 41. c6 bxc6 42. Bxc6 Kf7 43. Bc5 a5 44. a3 Ba6 45. b4 axb4 46. axb4 Nc7 47. b5 Bxb5 48. e8=Q+ Nxe8 49. Bxb5 Nc7 50. Bd3 1-0

[Event "Civil Service Ch 11th"]
[Site "Leeds"]
[Date "2001.07.26"]
[Round "2"]
[White "Ashby, Anthony C"]
[Black "Baker, Martin"]
[Result "1/2-1/2"]
[WhiteElo "2032"]
[BlackElo "1736"]
[PlyCount "74"]
[EventDate "2001.07.25"]
[EventType "swiss"]
[EventRounds "5"]
[EventCountry "ENG"]
[SourceTitle "BritBase"]
[Source "John Saunders"]
[SourceDate "2024.12.03"]
[SourceVersion "1"]
[SourceVersionDate "2024.12.03"]
[SourceQuality "1"]

1. e4 e6 2. d4 d5 3. Nc3 Bb4 4. a3 Bxc3+ 5. bxc3 dxe4 6. f3 c5 7. Be3 Nc6 8. dxc5 Qa5 9. Qd2 Nf6 10. c4 Qxd2+ 11. Bxd2 Nd4 12. O-O-O exf3 13. gxf3 Bd7 14. Bf4 Nf5 15. Bd3 Nh5 16. Bxf5 Nxf4 17. Be4 O-O-O 18. h4 e5 19. Rh2 Be6 20. Bd3 Rd4 21. Ne2 Nxe2+ 22. Rxe2 f6 23. Re4 Rxe4 24. Bxe4 Rd8 25. Bxb7+ Kc7 26. Bd5 Bf5 27. Kb2 e4 28. fxe4 Bxe4 29. Kc3 f5 30. Rd4 g6 31. Bxe4 Rxd4 32. Kxd4 fxe4 33. Kxe4 h6 34. Ke5 g5 35. hxg5 hxg5 36. Kf5 Kc6 37. Kxg5 Kxc5 1/2-1/2

[Event "Civil Service Ch 11th"]
[Site "Leeds"]
[Date "2001.07.26"]
[Round "2"]
[White "Bowering, Charles"]
[Black "Reese, Jon D"]
[Result "1/2-1/2"]
[WhiteElo "1856"]
[BlackElo "1536"]
[PlyCount "36"]
[EventDate "2001.07.25"]
[EventType "swiss"]
[EventRounds "5"]
[EventCountry "ENG"]
[SourceTitle "BritBase"]
[Source "John Saunders"]
[SourceDate "2024.12.03"]
[SourceVersion "1"]
[SourceVersionDate "2024.12.03"]
[SourceQuality "1"]

1. d4 Nf6 2. Nc3 d5 3. Bg5 Bf5 4. e3 e6 5. Bd3 Bxd3 6. cxd3 Be7 7. Nf3 Nbd7 8. O-O O-O 9. Re1 c5 10. e4 dxe4 11. dxe4 cxd4 12. Nxd4 Qa5 13. Qd2 Bb4 14. Rac1 Rac8 15. Nb3 Bxc3 16. Nxa5 Bxd2 17. Bxd2 Rxc1 18. Bxc1 Nc5 1/2-1/2

[Event "Civil Service Ch 11th"]
[Site "Leeds"]
[Date "2001.07.26"]
[Round "2"]
[White "Boyes, David"]
[Black "Cameron, Phil"]
[Result "0-1"]
[WhiteElo "1768"]
[BlackElo "1736"]
[PlyCount "80"]
[EventDate "2001.07.25"]
[EventType "swiss"]
[EventRounds "5"]
[EventCountry "ENG"]
[SourceTitle "BritBase"]
[Source "John Saunders"]
[SourceDate "2024.12.03"]
[SourceVersion "1"]
[SourceVersionDate "2024.12.03"]
[SourceQuality "1"]

1. e4 c5 2. Nf3 d6 3. d4 cxd4 4. Qxd4 Nc6 5. Bb5 Bd7 6. Bxc6 Bxc6 7. Nc3 h6 8. Be3 Nf6 9. h3 g6 10. O-O-O Bg7 11. Rhe1 O-O 12. Qd2 Kh7 13. Nd4 Bxe4 14. f3 Bc6 15. g4 Qd7 16. g5 hxg5 17. Bxg5 Ng8 18. h4 Bxd4 19. Qxd4 Bxf3 20. Rd3 Bh5 21. Nd5 e5 22. Qf2 f5 23. Ree3 Rac8 24. Nc3 Qc6 25. Qd2 f4 26. Re1 Bg4 27. Rxd6 Qe8 28. Ne4 Bf5 29. Qe2 Qa4 30. Nc3 Rxc3 31. bxc3 Qa3+ 32. Kb1 Qxd6 33. h5 Qb6+ 34. Ka1 Qe3 35. hxg6+ Kxg6 36. Qd1 Qxc3+ 37. Kb1 Qxc2+ 38. Qxc2 Bxc2+ 39. Kxc2 Kxg5 40. Rxe5+ Kg4 0-1

[Event "Civil Service Ch 11th"]
[Site "Leeds"]
[Date "2001.07.26"]
[Round "2"]
[White "Lewyk, Ihor"]
[Black "Thurlow, Kevin J"]
[Result "1/2-1/2"]
[WhiteElo "1880"]
[BlackElo "2064"]
[PlyCount "38"]
[EventDate "2001.07.25"]
[EventType "swiss"]
[EventRounds "5"]
[EventCountry "ENG"]
[SourceTitle "BritBase"]
[Source "John Saunders"]
[SourceDate "2024.12.03"]
[SourceVersion "1"]
[SourceVersionDate "2024.12.03"]
[SourceQuality "1"]

1. Nc3 d5 2. e4 d4 3. Nce2 c5 4. f4 Nc6 5. g3 e5 6. d3 Bd6 7. Nf3 Bg4 8. Bg2 Nf6 9. O-O Qd7 10. f5 c4 11. Bg5 cxd3 12. cxd3 Be7 13. Nd2 h6 14. Bxf6 Bxf6 15. h3 Bxe2 16. Qxe2 Rc8 17. Nf3 Qe7 18. h4 Kd7 19. Rfc1 Nb8 1/2-1/2

[Event "Civil Service Ch 11th"]
[Site "Leeds"]
[Date "2001.07.26"]
[Round "2"]
[White "Pheby, Ian M"]
[Black "Thackray, Ian M"]
[Result "1/2-1/2"]
[WhiteElo "1912"]
[BlackElo "1736"]
[PlyCount "88"]
[EventDate "2001.07.25"]
[EventType "swiss"]
[EventRounds "5"]
[EventCountry "ENG"]
[SourceTitle "BritBase"]
[Source "John Saunders"]
[SourceDate "2024.12.03"]
[SourceVersion "1"]
[SourceVersionDate "2024.12.03"]
[SourceQuality "1"]

1. d4 e6 2. c4 Bb4+ 3. Bd2 Bxd2+ 4. Qxd2 Nf6 5. Nc3 d5 6. e3 b6 7. cxd5 Nxd5 8. Nf3 Bb7 9. Bb5+ c6 10. Bd3 Nxc3 11. bxc3 Nd7 12. O-O O-O 13. Qe2 c5 14. e4 Re8 15. Rfd1 Qf6 16. e5 Bxf3 17. gxf3 Qf4 {(=)} 18. Qe4 Qxe4 19. fxe4 Rac8 20. Bb5 Re7 21. Bxd7 Rxd7 22. dxc5 Rdc7 23. cxb6 axb6 24. Rab1 Rxc3 25. Rxb6 Ra3 26. Rbd6 g6 27. Rd8+ Rxd8 28. Rxd8+ Kg7 29. Rd2 g5 30. Kg2 Ra5 {(=)} 31. f4 gxf4 32. Kf3 Rxe5 33. Kxf4 Kf6 34. a4 Ra5 35. Ra2 Ke7 36. Ke3 Kd6 37. Kd4 f5 38. exf5 exf5 39. Ra3 h5 40. Kc4 f4 41. Kb4 Rf5 42. Kc3 {(=)} f3 43. Ra1 f2 44. Rf1 Rf4 1/2-1/2

[Event "Civil Service Ch 11th"]
[Site "Leeds"]
[Date "2001.07.26"]
[Round "2"]
[White "Wedlock, Stephen L"]
[Black "Pickersgill, Adrian O"]
[Result "0-1"]
[WhiteElo "1792"]
[BlackElo "1864"]
[PlyCount "74"]
[EventDate "2001.07.25"]
[EventType "swiss"]
[EventRounds "5"]
[EventCountry "ENG"]
[SourceTitle "BritBase"]
[Source "John Saunders"]
[SourceDate "2024.12.03"]
[SourceVersion "1"]
[SourceVersionDate "2024.12.03"]
[SourceQuality "1"]

1. e4 c6 2. d4 d5 3. Nc3 dxe4 4. Nxe4 Bf5 5. Ng3 Bg6 6. Nf3 Nd7 7. Bc4 e6 8. O-O Ngf6 9. Re1 Qc7 10. c3 Bd6 11. Ng5 h6 12. Nf3 O-O-O 13. a4 e5 14. b4 exd4 15. Nxd4 Ne5 16. Bf1 h5 17. Ngf5 Bxf5 18. Nxf5 Bxb4 19. Qb3 Neg4 20. g3 Bc5 21. Ra2 g6 22. Bf4 Qb6 23. Qxb6 axb6 24. Nh4 Nd5 25. Bh3 Nxf4 26. gxf4 Kc7 27. Nf3 Rd3 28. Bxg4 hxg4 29. Ne5 Rxc3 30. Nxf7 Rh4 31. Ne5 g3 32. hxg3 Rxg3+ 33. Kf1 Rxf4 34. Rd2 Rh3 35. Kg2 Rh7 36. f3 Rfh4 37. Ng4 Bb4 0-1

[Event "Civil Service Ch 11th"]
[Site "Leeds"]
[Date "2001.07.26"]
[Round "2"]
[White "Wolstencroft, Darryl"]
[Black "Calvert, David Ian"]
[Result "0-1"]
[WhiteElo "1984"]
[BlackElo "1848"]
[PlyCount "58"]
[EventDate "2001.07.25"]
[EventType "swiss"]
[EventRounds "5"]
[EventCountry "ENG"]
[SourceTitle "BritBase"]
[Source "John Saunders"]
[SourceDate "2024.12.03"]
[SourceVersion "1"]
[SourceVersionDate "2024.12.03"]
[SourceQuality "1"]

1. e4 d5 2. exd5 Nf6 3. Nc3 Nxd5 4. Nxd5 Qxd5 5. d4 Nc6 6. Nf3 Bg4 7. Be2 O-O-O 8. c3 e5 9. dxe5 Qxd1+ 10. Bxd1 Nxe5 11. Bg5 Nd3+ 12. Kf1 f6 13. Be3 Nxb2 14. Be2 Na4 15. Bxa7 Nxc3 16. Bc4 Rd1+ 17. Rxd1 Nxd1 18. Bd4 Bb4 19. h3 Bxf3 20. gxf3 c5 21. Ba1 Bc3 22. Ke2 Bxa1 23. Be6+ Kc7 24. Rxd1 Bd4 25. Bc4 Ra8 26. h4 b5 27. Bd5 Re8+ 28. Kf1 Re5 29. Bf7 g6 0-1

[Event "Civil Service Ch 11th"]
[Site "Leeds"]
[Date "2001.07.26"]
[Round "3"]
[White "Calvert, David Ian"]
[Black "Pickersgill, Adrian O"]
[Result "1/2-1/2"]
[WhiteElo "1848"]
[BlackElo "1864"]
[PlyCount "60"]
[EventDate "2001.07.25"]
[EventType "swiss"]
[EventRounds "5"]
[EventCountry "ENG"]
[SourceTitle "BritBase"]
[Source "John Saunders"]
[SourceDate "2024.12.03"]
[SourceVersion "1"]
[SourceVersionDate "2024.12.03"]
[SourceQuality "1"]

1. b3 d5 2. Bb2 Bg4 3. g3 e6 4. Bg2 Nf6 5. Nf3 Nbd7 6. c4 c6 7. O-O Bd6 8. d3 O-O 9. Nbd2 Qe7 10. a3 Rfe8 11. b4 e5 12. e4 dxe4 13. dxe4 c5 14. b5 h6 15. h3 Be6 16. Nh4 Nb6 17. Rc1 Rad8 18. Qe2 Bc7 19. Rfd1 g6 20. Nhf3 Bc8 21. Nh2 Kh7 22. Nhf1 Rd6 23. Ne3 Nbd7 24. Nd5 Nxd5 25. cxd5 f5 26. Nc4 Rf6 27. f3 Nb6 28. Rf1 Nxc4 29. Qxc4 f4 30. g4 Bd7 1/2-1/2

[Event "Civil Service Ch 11th"]
[Site "Leeds"]
[Date "2001.07.26"]
[Round "3"]
[White "Reese, Jon D"]
[Black "Boyes, David"]
[Result "0-1"]
[WhiteElo "1536"]
[BlackElo "1768"]
[PlyCount "42"]
[EventDate "2001.07.25"]
[EventType "swiss"]
[EventRounds "5"]
[EventCountry "ENG"]
[SourceTitle "BritBase"]
[Source "John Saunders"]
[SourceDate "2024.12.03"]
[SourceVersion "1"]
[SourceVersionDate "2024.12.03"]
[SourceQuality "1"]

1. Nf3 f5 2. e4 fxe4 3. Ng5 Nf6 4. d3 d5 5. dxe4 Nxe4 6. Nxe4 dxe4 7. Qh5+ g6 8. Qe5 Rg8 9. Bc4 Nc6 10. Qxe4 Bf5 11. Qh4 Rh8 12. Bd2 Qd4 13. Qxd4 Nxd4 14. Na3 e5 15. O-O-O O-O-O 16. Bg5 Rd6 17. c3 Rc6 18. Bb5 Rxc3+ 19. Kd2 Rxa3 20. Bf6 Bb4+ 21. Kc1 Nb3+ 0-1

[Event "Civil Service Ch 11th"]
[Site "Leeds"]
[Date "2001.07.26"]
[Round "3"]
[White "Wedlock, Stephen L"]
[Black "Bowering, Charles"]
[Result "0-1"]
[WhiteElo "1792"]
[BlackElo "1856"]
[PlyCount "48"]
[EventDate "2001.07.25"]
[EventType "swiss"]
[EventRounds "5"]
[EventCountry "ENG"]
[SourceTitle "BritBase"]
[Source "John Saunders"]
[SourceDate "2024.12.03"]
[SourceVersion "1"]
[SourceVersionDate "2024.12.03"]
[SourceQuality "1"]

1. e4 e5 2. Nf3 Nc6 3. Bc4 Nf6 4. Ng5 d5 5. exd5 Na5 6. Bb5+ c6 7. dxc6 bxc6 8. Be2 h6 9. Nf3 e4 10. Ne5 Bd6 11. Nc4 Nxc4 12. Bxc4 O-O 13. Nc3 Re8 14. O-O Bxh2+ 15. Kh1 Bd6 16. g3 Bh3 17. Re1 Qb6 18. Qe2 Bg4 19. Qe3 Bf3+ 20. Kg1 Bc5 21. Qf4 Bxf2+ 22. Kf1 Bxe1 23. Kxe1 Qg1+ 24. Bf1 Ng4 0-1

[Event "Civil Service Ch 11th"]
[Site "Leeds"]
[Date "2001.07.26"]
[Round "3"]
[White "Thurlow, Kevin J"]
[Black "Ledger, Andrew J"]
[Result "0-1"]
[WhiteElo "2064"]
[BlackElo "2400"]
[PlyCount "98"]
[EventDate "2001.07.25"]
[EventType "swiss"]
[EventRounds "5"]
[EventCountry "ENG"]
[SourceTitle "BritBase"]
[Source "John Saunders"]
[SourceDate "2024.12.03"]
[SourceVersion "1"]
[SourceVersionDate "2024.12.03"]
[SourceQuality "1"]

1. e4 e6 2. d4 d5 3. Nd2 c5 4. Ngf3 cxd4 5. exd5 Qxd5 6. Bc4 Qd6 7. O-O Nf6 8. Re1 Nc6 9. Nb3 Bd7 10. Nbxd4 Nxd4 11. Qxd4 Rc8 12. Bb3 Qxd4 13. Nxd4 Bc5 14. Nf5 O-O 15. Ng3 Bc6 16. Be3 Bxe3 17. Rxe3 Rfd8 18. f3 Kf8 19. Ree1 h5 20. Nf1 h4 21. Kf2 a5 22. c3 a4 23. Bc2 a3 24. b3 Nd5 25. Re4 h3 26. gxh3 Nxc3 27. Rc4 Bb5 28. Rxc8 Rxc8 29. Ne3 Ke7 30. Be4 b6 31. Ke1 f5 32. Bc2 Ne2 33. Kd2 Rd8+ 34. Ke1 Nf4 35. Rd1 Rc8 36. Bxf5 exf5 37. Nxf5+ Kf8 38. Nd6 Ng2+ 39. Kf2 Rc2+ 40. Kg3 Ne3 41. Re1 Rg2+ 42. Kf4 Rd2 43. Ke5 Ng2 44. Re4 Bd7 45. Nc4 Rxa2 46. Kd6 Be8 47. Re5 b5 48. Rf5+ Kg8 49. Ne5 Re2 0-1

[Event "Civil Service Ch 11th"]
[Site "Leeds"]
[Date "2001.07.26"]
[Round "3"]
[White "Brusey, Alan W"]
[Black "Archer, Richard P"]
[Result "1-0"]
[WhiteElo "2008"]
[BlackElo "1872"]
[PlyCount "85"]
[EventDate "2001.07.25"]
[EventType "swiss"]
[EventRounds "5"]
[EventCountry "ENG"]
[SourceTitle "BritBase"]
[Source "John Saunders"]
[SourceDate "2024.12.03"]
[SourceVersion "1"]
[SourceVersionDate "2024.12.03"]
[SourceQuality "1"]

1. e4 c5 2. c3 d5 3. exd5 Qxd5 4. d4 cxd4 5. cxd4 e5 6. Nc3 Qxd4 7. Qxd4 exd4 8. Nb5 Na6 9. a3 Nf6 10. Nf3 Be7 11. Nfxd4 O-O 12. Bc4 Ne4 13. O-O Nd6 14. Nxd6 Bxd6 15. Nb5 Bb8 16. Re1 Nc5 17. Be3 Ne6 18. Rad1 a6 19. Nd6 Bxd6 20. Rxd6 Rd8 21. Rxd8+ Nxd8 22. Bb6 Be6 23. f4 h6 24. b3 Kh7 25. Bxe6 Nxe6 26. f5 Nf4 27. Re7 Kg8 28. Rxb7 Rc8 29. Bc7 Ne2+ 30. Kf2 Nd4 31. b4 Nc2 32. Rb8 Rxb8 33. Bxb8 Nxa3 34. Bd6 Nc2 35. Bc5 g5 36. g4 Kg7 37. Kf3 Kf6 38. Ke4 Ne1 39. Kd5 h5 40. h3 hxg4 41. hxg4 Nd3 42. Kd6 Nf4 43. Bd4# 1-0

[Event "Civil Service Ch 11th"]
[Site "Leeds"]
[Date "2001.07.26"]
[Round "3"]
[White "Cameron, Phil"]
[Black "Lewyk, Ihor"]
[Result "0-1"]
[WhiteElo "1736"]
[BlackElo "1880"]
[PlyCount "182"]
[EventDate "2001.07.25"]
[EventType "swiss"]
[EventRounds "5"]
[EventCountry "ENG"]
[SourceTitle "BritBase"]
[Source "John Saunders"]
[SourceDate "2024.12.03"]
[SourceVersion "1"]
[SourceVersionDate "2024.12.03"]
[SourceQuality "1"]

1. d4 Nf6 2. c4 c5 3. e3 e6 4. Nc3 Be7 5. Nf3 O-O 6. Be2 d5 7. O-O b6 8. b3 Bb7 9. Bb2 Nbd7 10. cxd5 Nxd5 11. Nxd5 Bxd5 12. Rc1 Qb8 13. Nd2 Qb7 14. Bf3 Bxf3 15. Nxf3 Rfd8 16. Qe2 Bf6 17. dxc5 Nxc5 18. Bxf6 gxf6 19. Nd4 Qe4 20. f3 Qg6 21. b4 Nd3 22. Rc4 Ne5 23. Rc7 Rdc8 24. Rxc8+ Rxc8 25. e4 Qh6 26. f4 Ng6 27. g3 Qf8 28. a3 a5 29. bxa5 Qc5 30. Qf2 bxa5 31. a4 Rd8 32. Nb5 Qb4 33. f5 Rd2 34. Qb6 Qxe4 35. Rf2 Rd1+ 36. Rf1 Rxf1+ 37. Kxf1 Qxf5+ 38. Kg1 Qb1+ 39. Kg2 Qa2+ 40. Kg1 Qxa4 41. Qd8+ Kg7 42. Nc7 Qa1+ 43. Kg2 f5 44. Ne8+ Kh6 45. Nd6 Qg7 46. Qxa5 Nf4+ 47. Kf1 Nd5 48. Qd2+ Kg6 49. Nc4 Qc3 50. Qxc3 Nxc3 51. Ne5+ Kf6 52. Nd7+ Ke7 53. Ne5 f6 54. Nc6+ Kd6 55. Nd4 Kd5 56. Nf3 e5 57. Kf2 Ke4 58. Nh4 Nd1+ 59. Ke2 Ne3 60. Nf3 f4 61. Nd2+ Kf5 62. Kf3 fxg3 63. hxg3 Ng4 64. Ne4 h5 65. Nd6+ Ke6 66. Ne4 f5 67. Nc3 Nf6 68. Ne2 Nh7 69. Nc3 Ng5+ 70. Ke3 Nh7 71. Kf3 Nf6 72. Ne2 Nd5 73. Nc1 e4+ 74. Ke2 Ke5 75. Nb3 f4 76. gxf4+ Kxf4 {The following moves are unclear due to shortage of time but are thought to be correct. The final position is correct.} 77. Kf2 h4 78. Nd4 e3+ 79. Kf1 h3 80. Ne2+ Kf3 81. Ng1+ Kg4 82. Ne2 Nf4 83. Nd4 e2+ 84. Nxe2 Nxe2 85. Kxe2 h2 86. Ke3 h1=Q 87. Kd4 Qe1 88. Kd3 Kf4 89. Kc4 Qe5 90. Kb3 Ke3 91. Kb4 Qc7 0-1